000 00604cam a2200205 4500500
005 20260329001819.0
041 _afre
042 _adc
100 1 0 _aLacroix, Alexandre
_eauthor
245 0 0 _aIndifférents à l’Europe ?
260 _c2009.
500 _a40
690 _aEurope
690 _aFrançais
690 _aJean Monnet
690 _aJustine Lacroix
690 _aTraité européen
786 0 _nPhilosophie magazine | 30 | 6 | 2009-06-01 | p. 10-10 | 1951-1787
856 4 1 _uhttps://shs.cairn.info/magazine-philosophie-magazine-2009-6-page-10?lang=fr&redirect-ssocas=7080
999 _c1808901
_d1808901